Sports Quiz

Random Sports or NBA Quiz

Can You name the top 5 NBA MVP, ROTY so far Quiz Stats

 Plays Quiz not verified by Sporcle

Support Sporcle.
Go Orange.
Score 0/20 Timer 03:00
0 Plays Today
Hint Answer % Correct
MVP???
97.2%
MVP???
81.8%
ROTY???
70.6%
DPOY???
67.8%
MVP???
66.4%
DPOY???
60.8%
DPOY???
58.7%
ROTY???
55.2%
ROTY???
53.1%
ROTY???
51.7%
Hint Answer % Correct
MVP???
47.6%
DPOY???
44.1%
MIP???
43.4%
ROTY???
37.8%
MIP???
31.5%
MIP???
17.5%
MIP???
11.2%
MVP???
9.1%
DPOY???
8.4%
MIP???
7%

You're not logged in!

Compare scores with friends on all Sporcle quizzes.
OR
Log In

From the Vault

Rides in Disneyland

by PhilSandifer

Here you leave today and enter the world of yesterday, tomorrow and fantasy.
Remove Ads.
Support Sporcle.
Get the best of Sporcle when you Go Orange. This ad-free experience offers more features, more stats, and more fun while also helping to support Sporcle. Thank you for becoming a member.

Show Comments

Extras

Created Dec 3, 2017ReportNominate
Tags:NBA Quiz, DPOY, far, MVP

Top Quizzes Today


Score Distribution

Your Account Isn't Verified!

In order to create a playlist on Sporcle, you need to verify the email address you used during registration. Go to your Sporcle Settings to finish the process.

Report this User

Report this user for behavior that violates our Community Guidelines.

Details: